=LDR 00000nam 2200000 4500 =001 INLIS000000000029377 =005 20130612131621 =008 ***********************************ind** =035 ##$$a0010-061300000029377 =041 ##$$a ind =082 ##$$a 636.5 =090 ##$$a 636.5, KAR m =100 ##$$a Kartasudjana, Ruhyat =245 ##$$a Manajemen ternak unggas, Ruhyat Kartasudjana, Edjeng Suprijatna =260 ##$$a 2006 $b Jakarta =300 ##$$a iv, 124 hlm., ilus, 23 cm =650 ##$$a Unggas =700 ##$$a Suprijatna, Edjeng =850 ##$$a NBPNMAT =990 ##$$a 21400613/BPAP-NTB/20142014 =990 ##$$a 21400613/BPAP-NTB/20142014